<?xml version="1.0" encoding="UTF-8"?><?xml-stylesheet type="text/xsl" href="static/style.xsl"?><OAI-PMH xmlns="http://www.openarchives.org/OAI/2.0/" xmlns:xsi="http://www.w3.org/2001/XMLSchema-instance" xsi:schemaLocation="http://www.openarchives.org/OAI/2.0/ http://www.openarchives.org/OAI/2.0/OAI-PMH.xsd"><responseDate>2026-06-03T19:18:38Z</responseDate><request verb="GetRecord" identifier="oai:riuma.uma.es:10630/17584" metadataPrefix="marc">https://riuma.uma.es/rest/oai/request</request><GetRecord><record><header><identifier>oai:riuma.uma.es:10630/17584</identifier><datestamp>2026-02-03T11:27:58Z</datestamp><setSpec>com_10630_2254</setSpec><setSpec>col_10630_37953</setSpec></header><metadata><record xmlns="http://www.loc.gov/MARC21/slim" xmlns:dcterms="http://purl.org/dc/terms/" xmlns:doc="http://www.lyncode.com/xoai" xmlns:xsi="http://www.w3.org/2001/XMLSchema-instance" xsi:schemaLocation="http://www.loc.gov/MARC21/slim http://www.loc.gov/standards/marcxml/schema/MARC21slim.xsd">
   <leader>00925njm 22002777a 4500</leader>
   <datafield ind2=" " ind1=" " tag="042">
      <subfield code="a">dc</subfield>
   </datafield>
   <datafield ind2=" " ind1=" " tag="720">
      <subfield code="a">Zea-Garcia, Jesus D.</subfield>
      <subfield code="e">author</subfield>
   </datafield>
   <datafield ind2=" " ind1=" " tag="720">
      <subfield code="a">Gómez-de-la-Torre, María de los  Ángeles</subfield>
      <subfield code="e">author</subfield>
   </datafield>
   <datafield ind2=" " ind1=" " tag="720">
      <subfield code="a">García-Aranda, Miguel Ángel</subfield>
      <subfield code="e">author</subfield>
   </datafield>
   <datafield ind2=" " ind1=" " tag="720">
      <subfield code="a">Cuesta-García, Ana María</subfield>
      <subfield code="e">author</subfield>
   </datafield>
   <datafield ind2=" " ind1=" " tag="260">
      <subfield code="c">2019-04-25</subfield>
   </datafield>
   <datafield ind2=" " ind1=" " tag="520">
      <subfield code="a">The identification and quantification of amorphous components and nanocrystalline phases&#xd;
with very small crystal sizes, smaller than ~3 nm, within samples containing crystalline phases is&#xd;
very challenging. However, this is important as there are several types of systems that contain these&#xd;
matrices: building materials, glass-ceramics, some alloys, etc. The total scattering synchrotron pair&#xd;
distribution function (PDF) can be used to characterize the local atomic order of the nanocrystalline&#xd;
components and to carry out quantitative analyses in complex mixtures. Although the resolution in&#xd;
momentum transfer space has been widely discussed, the resolution in the interatomic distance space&#xd;
has not been discussed to the best of our knowledge. Here, we report synchrotron PDF data collected at&#xd;
three beamlines in different experimental configurations and X-ray detectors. We not only discuss the&#xd;
effect of the resolution in Q-space, Qmax ins of the recorded data and Qmax of the processed data, but we&#xd;
also discuss the resolution in the interatomic distance (real) space. A thorough study of single-phase&#xd;
crystalline nickel used as standard was carried out. Then, selected cement-related samples including&#xd;
anhydrous tricalcium and dicalcium silicates, and pastes derived from the hydration of tricalcium&#xd;
silicate and ye’elimite with bassanite were analyzed.</subfield>
   </datafield>
   <datafield ind1="8" ind2=" " tag="024">
      <subfield code="a">https://hdl.handle.net/10630/17584</subfield>
   </datafield>
   <datafield ind1="8" ind2=" " tag="024">
      <subfield code="a">10.3390/ma12081347</subfield>
   </datafield>
   <datafield tag="653" ind2=" " ind1=" ">
      <subfield code="a">Materiales de construcción</subfield>
   </datafield>
   <datafield tag="653" ind2=" " ind1=" ">
      <subfield code="a">Materiales</subfield>
   </datafield>
   <datafield ind2="0" ind1="0" tag="245">
      <subfield code="a">A comparative study of experimental configurations in synchrotron pair distribution function</subfield>
   </datafield>
</record>
</metadata></record></GetRecord></OAI-PMH>